| 000 | 00486nam a2200181Ia 4500 | ||
|---|---|---|---|
| 001 | 17773 | ||
| 005 | 20260306171541.0 | ||
| 008 | 260306s9999||||xx |||||||||||||| ||und|| | ||
| 041 | _aESP | ||
| 082 |
_a658.1552 _bCH516 |
||
| 100 |
_aChambergo Guillermo, Isidro _eAUT |
||
| 245 | 0 | _aAnálisis de costos y presupuestos en el planeamiento estratégico gerencial | |
| 260 | _c2009 | ||
| 300 |
_a444 páginas : _c24 cm. |
||
| 650 | _aGEN | ||
| 654 | _aCAN | ||
| 942 |
_cLIB _dJUS _fJUS _2ddc _n |
||
| 999 |
_c17773 _d17773 |
||